| 000 | 00544nam a2200169 4500 | ||
|---|---|---|---|
| 001 | 123108 | ||
| 003 | ES-MaACL | ||
| 005 | 20230906192119.0 | ||
| 007 | t| | ||
| 008 | 070214s1973 sp r ||||0| spa d | ||
| 111 | 2 |
_aSemaines sociales de France ( _cLille ( _d1969) ( _n. 56ª) _9135196 |
|
| 245 | 1 | 1 |
_a¿Qué economía?, ¿para qué sociedad? / _cversión de Fausto Ezcurra. |
| 260 |
_aBilbao : _bDescleé de Brouwer, _c1973. |
||
| 300 |
_a382 p ; _c19 cm. |
||
| 700 | 1 |
_aEzcurra Rolín, Fausto. _948465 |
|
| 852 |
_aES-MaACL _jC-52046 _bR.85945 |
||
| 999 |
_c123108 _d123108 |
||